000 00805nam a22002177a 4500
003 UA-OsUOA
001 109562
007 ta
008 20150122b un ||||| |||| 00| 0 ukr d
100 _aТрохимчук Н.
090 _a81
_bТ76
942 _cSA
040 _aUA-OsUOA
_bukr
_cUA-OsUOA
_dUA-OsUOA
245 _aСучасна українська літературна мова та її норми. Вправи, завдання до практичних занять з української мови
300 _aС.15-44
955 _a0
041 _aukr
080 _a81
773 0 _w109561
_tУкраїнська мова та література
_dК.
_d2015
_g1
650 7 _a8 Мовознавство. Художня література. Літературознавство
_2UDC
999 _c395513
_d395513